000 00427nam a22001697a 4500
005 20251108172340.0
008 250721s1981 xx 000 0 eng d
082 1 4 _a660.2994/SMI
100 1 _aSmith, J.M.
245 1 0 _aChemical engineering kinetics /
250 _a3rd
264 1 _aNew York :
_bMcGraw-Hill Book Co.,
_c1981.
300 _a676 p.
650 1 7 _aChemical enginerring
942 _2ddc
_cBK
999 _c76913
_d76913